1981 hits: fill in the blanks - Statistics

General Stats
  • This quiz has been taken 71 times
  • The average score is 8 of 15
Answer Stats
Artist Lyrics Answer % Correct
Pat Benatar That's okay, let's see how you do it. Put up your dukes, let's get down to it. Hit me with ____ ____ ____. your best shot
83%
Rick Springfield And he's holding her in his arms late, late at night. You know, I wish that I had _______ ____. Jessie's girl
80%
Sheena Easton My baby takes the _______ _____. He works from nine to five and then he takes another home again to find me waiting for him. morning train
80%
Kim Carnes Her hair is Harlow gold, her lips a sweet surprise, her hands are never cold. She's got _____ _____ ____. Bette Davis eyes
77%
Eddie Rabbit Well, I love a _____ _____. I love a _____ _____. I love to hear the thunder, watch the lightning when it lights up the skies. rainy night
65%
The Manhattan Transfer Ooo wah, ooo wah cool, cool kitty. Tell us about the boy from ___ ____ ____. New York City
63%
The Pointer Sisters I want a lover with a ____ ____. I want a lover with an easy touch. slow hand
54%
REO Speedwagon You take it __ ___ ___, baby, if that's the way you want it, baby, then I don't want you around. on the run
52%
Styx Is it any wonder I'm not a criminal. Is it any wonder I'm not in jail. Is it any wonder I've got too much ____ __ __ ____. time on my hands
49%
Hall and Oates When they insist on knowing my bliss, I tell them this. When they want to know what the reason is, I only smile when I lie, then I tell them why because your ____ __ __ __ ____. kiss is on my list
43%
Barbra Streisand When eyes meet eyes, and the feeling is strong, I turn away from the wall, I stumble and fall, but I give you it all. I am a _____ __ ____. woman in love
40%
Steely Dan Hey ________, no, we can't dance together. No, we can't talk at all. Please take me along when you slide on down. nineteen
37%
Electric Light Orchestra When you need a shoulder to cry on, when you get so sick of trying, just hold on tight __ ____ ______. to your dream
25%
Rosanne Cash Tell me you're trying to cure a ______ ____ ____. See what else your old heart can take. Boys say, "When is he gonna give us some room?" The girls say, "God, I hope he comes back soon." seven year ache
20%
Stars on 45 You can boogie like _____, love that _____ sound. Turn up the volume and move it all around. disco
8%
No matching quizzes found
Score Distribution
Percent of People with Each Score
Percentile by Number Answered
Your Score History
You have not taken this quiz